000 01294nam a2200325 i 4500
003 EG-GICUC
005 20260121101721.0
008 260113s2003 ua ||||fr|||| 00| 0 ara d
017 _a2004/7477
040 _a EG-GICUC
_bara
_c EG-GICUC
_d EG-GICUC
_erda
041 0 _aara
082 0 4 _a343.431
_bع ب . ت
_221
092 0 4 _221
099 _aLaw1 10 343.431 ع ب . ت 2003 1006411
100 0 _aعبد التواب معوض الشوربجي.
_eمؤلف.
245 1 0 _aتعريف الجريمة الإرهابية :
_bالأهمية والإشكالية بين عمومية الخطر وخصوصية القصد /
_cدكتور عبد التواب معوض الشوربجي.
264 1 _aالقاهرة :
_bدار النهضة العربية،
_c2003.
300 _a229 صفحة ؛
_c24 سم.
336 _2rda content
_atext
337 _2rda media
_aComputer
338 _2rda carrier
_aOnline Resource
504 _aيشتمل على ارجاعات ببليوجرافية.
546 _aالنص باللغة العربية
650 1 4 _aالتشريع الخاص بالإرهاب.
_2qrmak
650 1 4 _aالقانون الجنائي.
_2qrmak
651 1 _2qrmak
856 4 0 _uhttps://fll.law.cu.edu.eg/fulltext/bks/B10-06411.pdf
905 _a18
942 _2ddc
_cBK
_e21
_n0
999 _c56670
_d56670